Determinanty vývoja medzinárodnej spolupráce územia biosférickej rezervácie Východné Karpaty diplomová práca

Na minha lista:
Detalhes bibliográficos
Autor principal: Holinka, Aleš
Autor Corporativo: Fakulta medzinárodných vzťahov EU. Katedra medzinárodných politických vzťahov
Outros Autores: Karas, Martin, 1991-
Formato: Livro
Idioma:eslovaco
Publicado em: Bratislava 2025
Tags: Adicionar Tag
Sem tags, seja o primeiro a adicionar uma tag!

MARC

LEADER 00000nbm a2200000 4500
001 0309545
005 20260123112640.4
041 0 |a slo 
044 |a SK 
245 1 0 |a Determinanty vývoja medzinárodnej spolupráce územia biosférickej rezervácie Východné Karpaty  |b diplomová práca  |c Aleš Holinka ; školiteľ: Martin Karas 
264 1 |a Bratislava  |c 2025 
300 |a 57 s. 
100 1 |a Holinka, Aleš 
700 1 |a Karas, Martin, 1991- 
710 2 |a Fakulta medzinárodných vzťahov EU. Katedra medzinárodných politických vzťahov